Jak na to? : Údržba a opravy automobilů VW Golf Diesel od září `83 do června `92. VW Jetta Diesel od února `84 do června `92. /

Uložené v:
Podrobná bibliografia
Hlavný autor: Etzold, Hans-Rüdiger (Author)
Médium: Kniha
Jazyk:Czech
German
Vydané: České Budějovice : Kopp - nakladatelství, 1994
Vydanie:1. vyd.
Témy:
ISBN: 8085828162 (brož.)
Fyzický popis: 92 s. + 5 Príl.
Tagy: Pridať tag
Žiadne tagy, Buďte prvý kto otaguje tento záznam!

MARC

LEADER 00000nam a2200000 a 4500
001 000073349
003 SVKK
005 19990826000000.0
008 990323s1994 cs e czeo
020 |a 8085828162 (brož.) 
040 |a SVKKK  |b slo  |c SVKKK  |e AACR2 
041 1 |a cze  |h ger 
044 |a cs  |c CS 
080 |a 629.113.004.5/.6 Volkswagen  |2 1997 
100 1 |a Etzold, Hans-Rüdiger  |4 aut 
245 1 0 |a Jak na to? :  |b Údržba a opravy automobilů VW Golf Diesel od září `83 do června `92. VW Jetta Diesel od února `84 do června `92. /  |c Hans-Rüdiger Etzold 
250 |a 1. vyd. 
260 |a České Budějovice :  |b Kopp - nakladatelství,  |c 1994 
300 |a 92 s. +  |e 5 Príl. 
653 0 |a automobily  |2 SVKKKPH 
653 0 |a Volkswagen  |2 SVKKKPH 
653 0 |a opravy  |2 SVKKKPH 
653 0 |a údržba  |2 SVKKKPH 
655 7 |a príručky  |2 SVKKKPH 
910 |a svkkk 
919 |a 80-85828-16-2 
974 |a UH  |d 19990323 
974 |a UH  |d 19990323 
974 |a PA  |d 19990826 
998 |a BK 
090 |g SCKHL  |k Sklad Pribinova 3. posch.  |a V.191212  |j 876683  |i 73349-10  |4 Strata  |s Vyradená 
090 |g SCKHL  |k Sklad Pribinova 3. posch.  |a V.191213  |j 876684  |i 2720155942  |s Absenčne